| 000 | 00378nam a22001577a 4500 | ||
|---|---|---|---|
| 003 | SGT | ||
| 082 |
_a616.07 _bC18P |
||
| 100 | _aPHULL, GAURAV | ||
| 245 | _aCLINICAL APPROACH TO MARMA CHIKITSA | ||
| 250 | _a1ST | ||
| 260 |
_aGURUGRAM _bSHREE BALAGI PUB. _c2018 |
||
| 300 | _a235 | ||
| 650 | _aKAYACHIKITSA | ||
| 653 | _aCLINICAL, APPROACH , MARMA, CHIKITSA | ||
| 942 |
_2ddc _cBK |
||
| 999 |
_c34769 _d34769 |
||